00684nam a22002057a 450000500170000001000130001702000230003003500130005303700160006604000120008208200160009424500570011026000400016727000640020730000200027149000500029165000590034165000610040070000170046120170124110040.0 aA-541577 c125.00a8170340845 aA-541577 bCen Lib/Ret aDPLbEN a883.08bDES aThe Fiction of Anita Desai /cedited by R. K. Dhawan c1989aNew DelhibBahri Publications bNew Delhia997A/9, P.O. Box 4453 Gobindpuri Kalkajie110019 a164p.c20cm(Hb) aSeries in English language and literaturev10 aDesai, Anita, -- 1937- -- Criticism and interpretation aWomen and literature -- India -- History -- 20th century aR. K. Dhawan